000 04272cam a2200589 i 4500
999 _c128537
_d128537
001 18021729
003 ARRUPE
005 20181109123122.0
008 140128t20142014meub b 000 0 eng
010 _a 2014931912
020 _a9781937385279
_q(Hardcover)
020 _a1937385272
_q(Hardcover)
020 _a9781937385262
_q(Paperback)
020 _a1937385264
_q(Paperback)
035 _a(OCoLC)ocn890759602
040 _aAU@
_beng
_cAU@
_erda
_dYDXCP
_dBTCTA
_dBDX
_dOCLCO
_dIUL
_dUAB
_dAUM
_dOCLCF
_dCDX
_dUNA
_dGBVCP
_dOCLCQ
_dOCL
_dDLC
041 1 _aeng
_hjpn
042 _alccopycat
043 _aa-ja---
050 0 0 _aPZ3.W67144
_bD4 1937
082 0 4 _a940.54252294
_223
100 _aWilliams, Charles
_943342
130 0 _aShōgen Okinawa sen.
_lEnglish.
_943343
245 1 0 _aDescent into hell :
_cCharles William
260 _aLondon
_bFaber and Faber LTD.
_c1937
300 _a222p. :
_c19 cm.
546 _aTranslated from the Japanese.
730 0 _aRyūkyū shinpō.
_943344
906 _a7
_bcbc
_ccopycat
_d2
_eepcn
_f20
_gy-gencatlg
942 _2lcc
_cMONOGRAPH